Pop culture en images - W - Statistiques

Statistiques générales
  • Ce quiz a été pris 264 fois
  • Le résultat moyen est 9 sur 16
Statistiques - réponses
Par images Réponse % Correct
Winnie
99%
Wario
97%
Wonder Woman
96%
Wall-e
93%
Wolverine
93%
Woody
93%
Walter White
81%
Wallace
68%
Will Serfort
60%
William Turner
51%
Wendy Marvel
44%
Warwick
29%
Winry Rockbell
17%
We Were Here Forever
5%
Wander
2%
Welf Crozzo
2%
Aucun quiz correspondant
Distribution des résultats
% des personnes avec chaque résultat
Percentile par nombre de réponses
Votre historique - résultats
Vous n’avez pas pris ce quiz